000 01217nam a2200241Ia 4500
003 OSt
005 20210415191127.0
008 210310s2004 ck a gr 000 0 spa d
020 _a9589262481
040 _aCO-JMCR
_cCO-JMCR
041 0 _aspa
082 0 4 _a382.917 /
_bH277m
_223
100 1 _aHerreño, Libardo,
_eautor
_925747
245 1 3 _aDe Mal en Peor:
_bTLC Subregionales y Bilaterales El ALCA Por Entregas /
_cLibardo Herreño, Alberto Cerda, Daniel Álvarez,[y 4 más].
260 _aBogotá :
_bPlataforma colombiana de derechos humanos, democracia y desarrollo,
_c2004.
300 _a194 páginas :
_bilustraciones en blanco y negro ;
_c17 cm.
490 0 _aAlcatmas ;
_v13.
505 0 _aAplicaciones jurídicas. -- ¿Son compatibles los TLC con el derecho internacionales de los derechos humanos?. -- Exigibilidad del tratado de libre comercio. -- Las implicaciones de la sanción legislativa del ALCA. -- Impactos de ls acuerdos de libre comercio sobre el medio ambiente. -- Reflexiones sobre el Cafta y el TLC Chile-EUA.
650 1 4 _aTratado de libre comercio
_zChile
_925749
700 1 _aCerda, Alberto,
_eautor
_936901
700 1 _aÁlvarez, Daniel,
_eautor
_936902
942 _2ddc
_cBK
999 _c11522
_d11522